| 000 -LEADER |
| fixed length control field |
00605cam a2200169Mi 4500 |
| 020 ## - INTERNATIONAL STANDARD BOOK NUMBER |
| ISBN |
9789251064313 |
| 020 ## - INTERNATIONAL STANDARD BOOK NUMBER |
| ISBN |
9251064318 |
| 040 ## - CATALOGING SOURCE |
| Transcribing agency |
NLGGC |
| 082 ## - DEWEY DECIMAL CLASSIFICATION NUMBER |
| Classification number |
631 FOO 2009 A091 Or. |
| 100 1# - MAIN ENTRY--AUTHOR NAME |
| Personal name |
Sims, B. G. |
| 245 10 - TITLE STATEMENT |
| Title |
Farm equipment supply chaons : |
| Remainder of title |
guidelines for policy-makers and service providers : experiences from Kenya, Pakistan and Brazil / |
| 260 ## - PUBLICATION, DISTRIBUTION, ETC. (IMPRINT) |
| Place of publication |
Rome : |
| Name of publisher |
Food and agriculture organization of the United nations (FAO), |
| Year of publication |
2009. |
| 300 ## - PHYSICAL DESCRIPTION |
| Number of Pages |
xv, 48 p. : |
| Other physical details |
ill. ; |
| Dimensions |
30 cm. |
| 490 1# - SERIES STATEMENT |
| Series statement |
Agricultural and food engineering technical report ; |
| 700 1# - ADDED ENTRY--PERSONAL NAME |
| Personal name |
Kienzle, Josef. |
| 942 ## - ADDED ENTRY ELEMENTS (KOHA) |
| Koha item type |
សៀវភៅភាសាអង់គ្លេស |
| 952 ## - LOCATION AND ITEM INFORMATION (KOHA) |
| Withdrawn status [LOCAL, KOHA] |
0 |